000 00424nam a2200133Ia 4500
999 _c3073
_d3073
008 200103s 2003 ||||xx |||||||||||||| ||und||
020 _a0074622455
082 _a621.3815
_bMIL
100 _aMillman, Jacob and Halkias, Christos C.
245 0 _aIntegrated Electronics: Analogs and Digital Circuits and Systems
260 _bTata McGraw-Hill Publishing Comp. Ltd.
_c2003
_aNew Delhi
300 _a910p.
942 _cBK